000 00879 a2200181 4500
003 Nust
005 20221014102041.0
040 _cNust
082 _a610,BYR
100 _aByrd, Oliver E.
_9100269
245 _aHealth :
_b Level Seven /
_cOliver E. Byrd, Elizabeth A. Neilson
250 _a3rd Edition
260 _aUSA
_bLaidlaw Brothers
_c1970
300 _a287 p.
505 _aUnderstanding Yourself (Page-10), Safety in a National Emergency (Page-26), The Growth of your Body (Page-50), Intelligence and Nervous System (Page-70), Your Body and Exercise (Page-94), Air Pollution and the Respiratory Sys (Page-118), Your Eyes and Ears (Page-138), Maintaining Healthy Teeth (Page-158), Making a Good Appearance (Page-178), Nutrition and your Health (Page-198), Infectious Diseases (Page-218), Family Relationships (Page-242).
650 _aHealth
_93553
942 _2ddc
_cBK
999 _c194229
_d194229